000 00673cab a2200241 4500
001 ABS51305
008 090401t1994 xxu||||| |||| 00| 0 eng d
035 _a(Sirsi) u20958
041 _aeng
100 _aMurdie, A.
245 _aCourt gives guidance on residence
260 _c1994
350 _a0
490 _aIRRV Journal
_vAugust 1994, 193(1)
520 _aReports on the High Court rulings on sole or main residence, when determining for community charge or council tax.
650 _aAPPEALS
650 _aCOUNCIL TAX
650 _aMAIN RESIDENCE
650 _aSOLE RESIDENCE
690 _aRATING AND VALUATION
942 _n0
948 _c04/03/1997
999 _c14056
_d14056